000 00294nam a22001337a 4500
008 170221b xxu||||| |||| 00| 0 eng d
020 _a9780781780582
041 _aeng
080 _210ED
_a615
100 _a5
101 _aSHF
245 _aPHYSICAL EXAMINATION
_cBICKLEY.L.S
942 _2udc
_cBK
999 _c5986
_d5986